书目信息 |
| 题名: |
手风琴基础教程
|
|
| 作者: | 聂希玲 , 李未明 编著 | |
| 分册: | ||
| 出版信息: | 北京 中国广播电视出版社 2000.10 |
|
| 页数: | 300页 | |
| 开本: | 28cm | |
| 丛书名: | 流行乐器基础教程系列丛书 | |
| 单 册: | ||
| 中图分类: | J624.3 | |
| 科图分类: | ||
| 主题词: | 手风琴--奏法--教材 | |
| 电子资源: | ||
| ISBN: | 7-5043-3598-3 | |
| 000 | 00921nam 2200253 450 | |
| 001 | 192004002288 | |
| 005 | 20070911162839.64 | |
| 010 | @a7-5043-3598-3@dCNY32.80 | |
| 100 | @a20070601d2000 ekmy0chiy0121 ea | |
| 101 | 0 | @achi |
| 102 | @aCN@b110000 | |
| 105 | @ag z 000yy | |
| 200 | 1 | @a手风琴基础教程@Ashou feng qin ji chu jiao cheng@f聂希玲, 李未明编著 |
| 210 | @a北京@c中国广播电视出版社@d2000.10 | |
| 215 | @a300页@c乐谱@d28cm | |
| 225 | 2 | @a流行乐器基础教程系列丛书@Aliu hang le qi ji chu jiao cheng xi lie cong shu |
| 330 | @a本书包括:不发音的风箱拉奏练习、不发音的触键练习、左手的练习、右手练习、左右手配合练习、C 大调音阶(两个八度)练习、C 大调的长、短琶音练习等内容. | |
| 410 | 0 | @12001 @a流行乐器基础教程系列丛书 |
| 606 | 0 | @a手风琴@x奏法@j教材 |
| 690 | @aJ624.3@v4 | |
| 701 | 0 | @a聂希玲@Anie xi ling@4编著 |
| 701 | 0 | @a李未明@Ali wei ming@4编著 |
| 801 | 0 | @aCN@c20070911 |
| 905 | @dJ624.3@eN583 | |
| 手风琴基础教程/聂希玲, 李未明编著.-北京:中国广播电视出版社,2000.10 |
| 300页:乐谱;28cm.-(流行乐器基础教程系列丛书) |
| ISBN 7-5043-3598-3:CNY32.80 |
| 本书包括:不发音的风箱拉奏练习、不发音的触键练习、左手的练习、右手练习、左右手配合练习、C 大调音阶(两个八度)练习、C 大调的长、短琶音练习等内容. |
| ● |
| 相关链接 |
|
|
|
正题名:手风琴基础教程
索取号:J624.3/N583
 
预约/预借
| 序号 | 登录号 | 条形码 | 馆藏地/架位号 | 状态 | 备注 |
| 1 | 626276 | 206262765 | 数理学院资料室/ [索取号:J624.3/N583] | 在馆 |